Quizz Teenwolf S2 - Statistiques

Statistiques générales
  • Ce quiz a été pris 64 fois
    63 depuis la dernière actualisation
  • Le résultat moyen est 8 sur 10
Statistiques - réponses
Question Réponse % Correct
Qui est le Kanima dans la saison 2 ? Jackson Whittmore
100%
Quel est le pouvoir principal du Kanima ? Paralysie par venin
98%
Quelle famille est spécialisé dans la chasse aux loups-garous ? Les Argent
96%
Qui contrôle le Kanima au début de la saison 2 ? Matt Daehler
82%
Quel objet permet de révéler la vraie nature du Kanima ? Un Miroir
82%
Qui est l'Alpha principal en saison 2 ? Derek Hale
80%
Quel est le point faible du Kanima ? L'eau
80%
Qui meurt à la fin de la saison 2 ? Matt Daehler
80%
Que devient Jackson Whittemore à la fin de la saison 2 ? Il part à Londres
61%
Pourquoi Jackson Whittemore devient t'il le Kanima ? Il n’était pas sûr de son identité
43%
Aucun quiz correspondant
Distribution des résultats
% des personnes avec chaque résultat
Percentile par nombre de réponses
Votre historique - résultats
Vous n’avez pas pris ce quiz depuis la dernière actualisation